[Event "EWICC 2019"]
[Site "Antalya"]
[Date "2019.04.18"]
[Round "7.35"]
[White "Lubbe, Melanie"]
[Black "Kusenkova, Natallia"]
[Result "1/2-1/2"]
[WhiteElo "2304"]
[BlackElo "2211"]
[Annotator "NA"]
[PlyCount "281"]
[EventDate "2019.04.11"]
[EventType "swiss"]
[EventCountry "TUR"]
[SourceTitle "playchess.com"]
[Source "ChessBase"]
[SourceQuality "1"]

1. e4 e5 2. Nf3 Nc6 3. Bc4 Bc5 4. c3 Nf6 5. d3 O-O 6. O-O d5 7. exd5 Nxd5 8. a4 Nb6 9. Bb5 Bd6 10. a5 Nd5 11. Re1 Nde7 12. Nbd2 a6 13. Bc4 h6 14. Ne4 b5 15. axb6 cxb6 16. Nh4 Na5 17. Ba2 Be6 18. Bxe6 fxe6 19. b4 Nb7 20. Qg4 Nf5 21. Ng6 Re8 22. Nxd6 Nbxd6 23. Nxe5 a5 24. bxa5 bxa5 25. c4 Nf7 26. Bb2 a4 27. Qg6 Nxe5 28. Bxe5 Qd7 29. Ra3 Ra6 30. h3 Rf8 31. d4 Rb6 32. d5 Ra6 33. c5 Qxd5 34. g4 Qd2 35. Rae3 Qxf2+ 36. Kh1 Ra7 37. gxf5 Rxf5 38. Bg3 Qc2 39. Qxe6+ Raf7 40. c6 R5f6 41. R3e2 Qxc6+ 42. Qxc6 Rxc6 43. Re8+ Kh7 44. R8e3 Rd7 45. R1e2 Rc4 46. Kg2 Rb4 47. Ra2 Rb3 48. Bf2 g5 49. Rxa4 Rb2 50. Rf3 Rd6 51. Kg3 Kg6 52. Ra5 Rc2 53. Be3 Re6 54. Bd4 Rd6 55. Be3 Re6 56. Ra8 Re2 57. Bd4 Rd6 58. Rg8+ Kh5 59. Bf2 Rc2 60. Rf7 Rc3+ 61. Kg2 Rdd3 62. h4 Rd6 63. Rh7 gxh4 64. Rhg7 Rcc6 65. Kh2 Rg6 66. Rxg6 Rxg6 67. Rf8 Rg4 68. Kh3 Ra4 69. Rf3 Rb4 70. Rf5+ Kg6 71. Rd5 Rb3+ 72. Kxh4 Rb4+ 73. Bd4 Rb1 74. Kg4 Rd1 75. Rd6+ Kf7 76. Rf6+ Ke7 77. Rf4 Ke6 78. Bf2 Rd6 79. Kh5 Rc6 80. Rf3 Kd5 81. Bg3 Ke4 82. Rf8 Ra6 83. Be1 Rd6 84. Rf7 Kd5 85. Bd2 Ke6 86. Rf2 Kd5 87. Bxh6 Re6 88. Bf4 Ke4 89. Kg5 Kd3 90. Kf5 Re2 91. Rf1 Kc2 92. Rf3 Re8 93. Rh3 Re2 94. Be3 Kd3 95. Kf4 Rc2 96. Bg1+ Kc4 97. Ke4 Rg2 98. Be3 Rc2 99. Rh5 Rc3 100. Rh2 Rb3 101. Bd4 Rg3 102. Rc2+ Kb3 103. Rc8 Rh3 104. Rc7 Rh5 105. Kd3 Rb5 106. Rc1 Kb4 107. Rb1+ Ka4 108. Ra1+ Kb3 109. Rh1 Kb4 110. Rh2 Kb3 111. Rh4 Rd5 112. Rh7 Rb5 113. Rc7 Kb4 114. Rc4+ Kb3 115. Rc2 Kb4 116. Be3 Rd5+ 117. Ke4 Rh5 118. Rc6 Kb5 119. Rc8 Kb4 120. Kd4 Rh4+ 121. Kd3 Rh5 122. Bf2 Rd5+ 123. Bd4 Rb5 124. Rc1 Kb3 125. Bc5 Kb2 126. Rc4 Kb3 127. Rc3+ Kb2 128. Kd2 Rb7 129. Bd4 Rd7 130. Kd3 Ka2 131. Rc6 Rb7 132. Kc2 Rb2+ 133. Kc3 Rb3+ 134. Kc4 Rb7 135. Ra6+ Kb1 136. Kd3 Rb3+ 137. Bc3 Kc1 138. Rd6 Rb8 139. Ra6 Rb5 140. Ra1+ Rb1 141. Kd4 1/2-1/2

[Event "EWICC 2019"]
[Site "Antalya"]
[Date "2019.04.18"]
[Round "7.36"]
[White "Babiy, Olga"]
[Black "Soyunlu, Narmin"]
[Result "1-0"]
[WhiteElo "2289"]
[BlackElo "2064"]
[Annotator "NA"]
[PlyCount "203"]
[EventDate "2019.04.11"]
[EventType "swiss"]
[EventCountry "TUR"]
[SourceTitle "playchess.com"]
[Source "ChessBase"]
[SourceQuality "1"]

1. e4 e6 2. d4 d5 3. Nc3 Nf6 4. e5 Nfd7 5. f4 c5 6. Nf3 Nc6 7. Be3 a6 8. Qd2 b5 9. dxc5 Bxc5 10. Bd3 Qb6 11. Bf2 Bb7 12. a3 Bxf2+ 13. Qxf2 Qxf2+ 14. Kxf2 h6 15. Ne2 Ke7 16. Ned4 Nxd4 17. Nxd4 f6 18. exf6+ gxf6 19. Rhe1 e5 20. Bf5 Rae8 21. Bg6 Rc8 22. c3 Kd6 23. Nf5+ Ke6 24. Ne3 Rc7 25. Rad1 Nc5 26. Bf5+ Kd6 27. Ng4 Rf7 28. Kg1 exf4 29. Rd4 h5 30. Nf2 Re7 31. Rxe7 Kxe7 32. Rxf4 Rg8 33. g3 Ne6 34. Bxe6 Kxe6 35. Nd3 Bc8 36. Rh4 Rg5 37. a4 Kd6 38. axb5 axb5 39. Rb4 Bd7 40. Kf2 Rg8 41. Rf4 Ke7 42. Rd4 Rg5 43. Ke3 Be6 44. Nf4 Bf7 45. Rd1 Re5+ 46. Kf2 Kd6 47. Ra1 Be8 48. Ra6+ Ke7 49. Rb6 Rf5 50. Ke3 Re5+ 51. Kd4 Re4+ 52. Kd3 Re5 53. h4 Rf5 54. Kd4 Kf7 55. Rb7+ Kf8 56. Ne6+ Kg8 57. Rg7+ Kh8 58. Re7 Bg6 59. Nf8 Bf7 60. Rxf7 Kg8 61. Rb7 Kxf8 62. Rxb5 Rf3 63. Rxd5 Rxg3 64. Rxh5 Ke7 65. b4 Kd6 66. Kc4 Kc7 67. Rf5 Rg4+ 68. Kb5 Rxh4 69. Rxf6 Rh5+ 70. Ka4 Rh4 71. Kb3 Rh3 72. b5 Rh1 73. Kb4 Kb7 74. c4 Rh4 75. Re6 Kc7 76. Kc5 Rh5+ 77. Kd4 Rh4+ 78. Re4 Rh1 79. Rg4 Kb7 80. Rg6 Rh5 81. Re6 Rh1 82. Kd5 Rh5+ 83. Re5 Rh1 84. Kc5 Rh6 85. Re7+ Kb8 86. b6 Rh1 87. Kc6 Rh6+ 88. Kb5 Rh5+ 89. c5 Rg5 90. Kc4 Rg1 91. c6 Rc1+ 92. Kd5 Rd1+ 93. Ke6 Re1+ 94. Kf6 Rf1+ 95. Kg5 Rg1+ 96. Kf4 Rf1+ 97. Kg3 Rg1+ 98. Kf2 Rg8 99. Rb7+ Kc8 100. Ra7 Rf8+ 101. Ke3 Re8+ 102. Kd4 1-0

[Event "EWICC 2019"]
[Site "Antalya"]
[Date "2019.04.18"]
[Round "7.37"]
[White "Ghukasyan, Siranush"]
[Black "Exler, Veronika"]
[Result "1-0"]
[WhiteElo "2201"]
[BlackElo "2289"]
[Annotator "NA"]
[PlyCount "67"]
[EventDate "2019.04.11"]
[EventType "swiss"]
[EventCountry "TUR"]
[SourceTitle "playchess.com"]
[Source "ChessBase"]
[SourceQuality "1"]

1. e4 c6 2. d4 d5 3. e5 Na6 4. Nf3 Nc7 5. Bd3 g6 6. O-O Nh6 7. h3 Bf5 8. g4 Bxd3 9. Qxd3 Ng8 10. Re1 e6 11. Bg5 Be7 12. Bxe7 Nxe7 13. Nbd2 h5 14. Kg2 Na6 15. c3 Kf8 16. Qe3 Kg7 17. Rh1 b6 18. Ng5 Nc8 19. Rag1 c5 20. a3 Rb8 21. Nf1 cxd4 22. cxd4 b5 23. f4 Ne7 24. Ng3 h4 25. f5 gxf5 26. gxf5 exf5 27. Ne2 Ng6 28. Kh2 Rc8 29. Rg2 Rc2 30. Rhg1 Qc7 31. Ne6+ fxe6 32. Rxg6+ Kf8 33. Qh6+ Rxh6 34. Rg8+ 1-0

[Event "EWICC 2019"]
[Site "Antalya"]
[Date "2019.04.18"]
[Round "7.38"]
[White "Zubova, Mariya"]
[Black "Mamedjarova, Zeinab"]
[Result "0-1"]
[WhiteElo "2149"]
[BlackElo "2280"]
[Annotator "NA"]
[PlyCount "92"]
[EventDate "2019.04.11"]
[EventType "swiss"]
[EventCountry "TUR"]
[SourceTitle "playchess.com"]
[Source "ChessBase"]
[SourceQuality "1"]

1. e4 e5 2. Nf3 Nf6 3. d4 exd4 4. e5 Ne4 5. Qxd4 d5 6. exd6 Nxd6 7. Bd3 Nc6 8. Qf4 Be7 9. Nc3 Be6 10. Be3 Bf6 11. O-O O-O 12. a3 g6 13. Rad1 Bg7 14. Bc5 Re8 15. Bb5 Bf5 16. Bxd6 cxd6 17. Rxd6 Qb6 18. a4 a6 19. Nd5 Qc5 20. Bxc6 bxc6 21. b4 Qa7 22. Rxc6 Qd7 23. Rd6 Qb7 24. c3 Rac8 25. Rc1 Kh8 26. h3 h6 27. Qd2 Be4 28. c4 Bxf3 29. gxf3 Re5 30. f4 Re4 31. c5 Rd4 32. Qa2 Rc6 33. Rd8+ Kh7 34. Re8 Qd7 35. b5 axb5 36. axb5 Rxc5 37. Rxc5 Qxe8 38. Ne3 Rxf4 39. Qd5 Bd4 40. Qc6 Qe7 41. Rc2 Bxe3 42. fxe3 Qxe3+ 43. Kh2 Rf1 44. h4 Rf4 45. b6 Rxh4+ 46. Kg2 Rg4+ 0-1

[Event "EWICC 2019"]
[Site "Antalya"]
[Date "2019.04.18"]
[Round "7.39"]
[White "Gevorgyan, Maria"]
[Black "Janzelj, Lara"]
[Result "1-0"]
[WhiteElo "2256"]
[BlackElo "2182"]
[Annotator "NA"]
[PlyCount "213"]
[EventDate "2019.04.11"]
[EventType "swiss"]
[EventCountry "TUR"]
[SourceTitle "playchess.com"]
[Source "ChessBase"]
[SourceQuality "1"]

1. e4 d6 2. d4 Nf6 3. Nc3 e5 4. Nf3 Nbd7 5. Bc4 Be7 6. O-O O-O 7. Re1 c6 8. a4 a5 9. h3 Nb6 10. Ba2 Nfd7 11. Be3 exd4 12. Bxd4 Nc5 13. Bxc5 dxc5 14. Qe2 Qd6 15. Rad1 Qg6 16. Ne5 Qf6 17. Ng4 Qg5 18. Rf1 h5 19. Nh2 Bxh3 20. f4 Qg6 21. Rd3 Bg4 22. Nxg4 hxg4 23. Rg3 c4 24. Rxg4 Bc5+ 25. Kh2 Qe6 26. Rh4 g6 27. f5 Qe5+ 28. g3 Be7 29. Rh3 Rad8 30. Qe3 Qd4 31. Qf3 Kg7 32. Kg2 Qd2+ 33. Rf2 Qg5 34. Ne2 Bf6 35. fxg6 fxg6 36. Nf4 Qe5 37. Qg4 Qxe4+ 38. Kh2 Kf7 39. Rh7+ Kg8 40. Rh6 Bg7 41. Rxg6 Rd7 42. Rg5 Rf6 43. Re2 Rh6+ 44. Rh5 Rxh5+ 45. Qxh5 Qh7 46. Qxh7+ Kxh7 47. c3 Rd1 48. b3 Ra1 49. Kh3 Bxc3 50. bxc4 Nxa4 51. Bb3 Nc5 52. Bc2+ Kh6 53. Kg4 Ra2 54. Kf5 Ra1 55. Re7 Re1 56. Ne2 Bg7 57. g4 Rf1+ 58. Nf4 Rf2 59. Re1 Kh7 60. Bb1 Kg8 61. Kg5 a4 62. Re8+ Bf8 63. Nh5 Nd7 64. Bf5 Rd2 65. Be6+ Kh7 66. Bxd7 Bh6+ 67. Kh4 Kg6 68. Bf5+ Kf7 69. Rh8 Be3 70. Ra8 Bc5 71. Rxa4 Rd4 72. Kg5 b5 73. Ra2 Be7+ 74. Kh6 Rd6+ 75. Kh7 bxc4 76. Rf2 Ke8 77. Ng7+ Kd8 78. Ne6+ Ke8 79. Ra2 Kf7 80. Re2 Ke8 81. g5 Rd1 82. g6 Rh1+ 83. Kg8 c3 84. g7 Bf6 85. Nf8+ Kd8 86. Kf7 Bxg7 87. Ne6+ Kd7 88. Nxg7+ Kd6 89. Rc2 c5 90. Rxc3 Kd5 91. Be6+ Kc6 92. Nf5 Rf1 93. Kf6 Re1 94. Bc4 Rh1 95. Ra3 Rc1 96. Ra6+ Kc7 97. Ne3 Kb7 98. Re6 Re1 99. Ke7 Rg1 100. Kd6 Rg5 101. Nd5 Rg1 102. Re7+ Kb8 103. Kxc5 Rg6 104. Bb5 Kc8 105. Bc6 Rg8 106. Rd7 Rh8 107. Nb6+ 1-0

[Event "EWICC 2019"]
[Site "Antalya"]
[Date "2019.04.18"]
[Round "7.41"]
[White "Toma, Katarzyna"]
[Black "Rapport, Jovana"]
[Result "0-1"]
[WhiteElo "2211"]
[BlackElo "2385"]
[Annotator "NA"]
[PlyCount "66"]
[EventDate "2019.04.11"]
[EventType "swiss"]
[EventCountry "TUR"]
[SourceTitle "playchess.com"]
[Source "ChessBase"]
[SourceQuality "1"]

1. e4 c6 2. d4 d5 3. exd5 cxd5 4. Bd3 Nc6 5. c3 Nf6 6. Ne2 e5 7. dxe5 Nxe5 8. Bb5+ Bd7 9. Nd4 Bd6 10. Bg5 O-O 11. Bxd7 Nexd7 12. O-O Qc7 13. g3 a6 14. Nd2 g6 15. Re1 Kg7 16. Nf1 h6 17. Bxf6+ Nxf6 18. Ne3 Bc5 19. Qd3 Rad8 20. Rad1 Rfe8 21. Kg2 Re4 22. Nxd5 Rxd4 23. Qxd4 Rxd5 24. Qc4 Rf5 25. f3 Qc6 26. Rd3 b5 27. Qb3 g5 28. c4 g4 29. cxb5 axb5 30. Rf1 Nd5 31. Rc1 b4 32. Qc4 gxf3+ 33. Kf1 Nf6 0-1

[Event "EWICC 2019"]
[Site "Antalya"]
[Date "2019.04.18"]
[Round "7.42"]
[White "Garcia Martin, Marta"]
[Black "Utiatskaja, Irina"]
[Result "1-0"]
[WhiteElo "2315"]
[BlackElo "2210"]
[Annotator "NA"]
[PlyCount "45"]
[EventDate "2019.04.11"]
[EventType "swiss"]
[EventCountry "TUR"]
[SourceTitle "playchess.com"]
[Source "ChessBase"]
[SourceQuality "1"]

1. e4 c5 2. Nf3 d6 3. d4 cxd4 4. Nxd4 Nf6 5. Nc3 a6 6. Be3 e6 7. Be2 Nbd7 8. g4 d5 9. exd5 Nxd5 10. Nxd5 exd5 11. Nf5 Nf6 12. Qd3 Qa5+ 13. c3 Bd7 14. a4 Bb5 15. axb5 Qxa1+ 16. Bd1 Qxb2 17. g5 Nd7 18. bxa6 Rxa6 19. O-O h6 20. Qxd5 Re6 21. Ba4 Bd6 22. Nxd6+ Kf8 23. Bxd7 1-0

[Event "EWICC 2019"]
[Site "Antalya"]
[Date "2019.04.18"]
[Round "7.43"]
[White "Trippold, Denise"]
[Black "Protopopova, Anastasiya"]
[Result "0-1"]
[WhiteElo "2158"]
[BlackElo "2308"]
[Annotator "NA"]
[PlyCount "64"]
[EventDate "2019.04.11"]
[EventType "swiss"]
[EventCountry "TUR"]
[SourceTitle "playchess.com"]
[Source "ChessBase"]
[SourceQuality "1"]

1. c4 e6 2. g3 Nf6 3. Bg2 d5 4. Nf3 dxc4 5. Qa4+ Nbd7 6. O-O a6 7. Qxc4 b5 8. Qc2 Bb7 9. a4 c5 10. Na3 Qb6 11. axb5 axb5 12. Qb3 Bd5 13. Qc2 Qb8 14. Qb1 Bd6 15. d3 O-O 16. Bg5 h6 17. Bd2 Qb6 18. b4 Rfb8 19. Qb2 Ra4 20. Nc2 Rba8 21. bxc5 Nxc5 22. Nb4 Nb3 23. Nxd5 Nxd5 24. Rab1 Nxd2 25. Qxd2 Bc5 26. Ne5 Bd4 27. Nc4 Qa6 28. Nb2 Ra2 29. e3 Bc3 30. Qc1 Rc8 31. Nc4 Bf6 32. e4 Nc3 0-1

[Event "EWICC 2019"]
[Site "Antalya"]
[Date "2019.04.18"]
[Round "7.44"]
[White "Maltsevskaya, Aleksandra"]
[Black "Aghasiyeva, Fidan"]
[Result "1-0"]
[WhiteElo "2296"]
[BlackElo "2209"]
[Annotator "NA"]
[PlyCount "71"]
[EventDate "2019.04.11"]
[EventType "swiss"]
[EventCountry "TUR"]
[SourceTitle "playchess.com"]
[Source "ChessBase"]
[SourceQuality "1"]

1. d4 e6 2. e4 b6 3. Nf3 Bb7 4. Bd3 d6 5. O-O Nd7 6. Qe2 Ne7 7. c4 e5 8. Nc3 exd4 9. Nxd4 g6 10. Bg5 Bg7 11. Ndb5 f6 12. Bd2 Nc5 13. Nd5 Ne6 14. c5 dxc5 15. Rad1 c6 16. Nf4 Bc8 17. Nxe6 Bxe6 18. Bf4 O-O 19. Nc7 Bf7 20. Ba6 Qb8 21. Rd7 g5 22. Rxe7 gxf4 23. Nxa8 Qxa8 24. Bc4 Bxc4 25. Qxc4+ Kh8 26. Rd1 f3 27. gxf3 Rg8 28. Kf1 Qb8 29. Rdd7 b5 30. Qxc5 Qf4 31. Ke2 a5 32. Qxc6 b4 33. Qc4 Qb8 34. Rc7 b3 35. Rxg7 Rxg7 36. Rc8+ 1-0

[Event "EWICC 2019"]
[Site "Antalya"]
[Date "2019.04.18"]
[Round "7.45"]
[White "Osmanodja, Filiz"]
[Black "Hapala, Elisabeth"]
[Result "1-0"]
[WhiteElo "2292"]
[BlackElo "2140"]
[Annotator "NA"]
[PlyCount "85"]
[EventDate "2019.04.11"]
[EventType "swiss"]
[EventCountry "TUR"]
[SourceTitle "playchess.com"]
[Source "ChessBase"]
[SourceQuality "1"]

1. e4 e5 2. Nf3 Nf6 3. Nc3 Nc6 4. Bb5 Nd4 5. Ba4 Bc5 6. Nxe5 O-O 7. Nd3 Bb6 8. O-O d6 9. h3 c6 10. Nf4 Bc5 11. d3 a5 12. Bb3 b5 13. a3 Nxb3 14. cxb3 Bd4 15. Nfe2 Bb6 16. Bg5 Bb7 17. Qd2 Qe7 18. Ng3 Qe6 19. Nf5 Bd8 20. Nxg7 Kxg7 21. Bh6+ Kh8 22. Bxf8 Ng8 23. e5 dxe5 24. Ne4 f5 25. Nc5 Qf7 26. Bd6 Bf6 27. Rae1 Re8 28. f4 Bc8 29. Bxe5 Rxe5 30. fxe5 Bh4 31. Re2 Qd5 32. d4 h6 33. Rd1 Bg5 34. Qxa5 f4 35. Qc3 Bf5 36. Qf3 Qd8 37. h4 Be7 38. Ne4 Be6 39. Qxf4 Bxb3 40. Rdd2 Bc4 41. Rf2 Bxh4 42. g3 Be7 43. Nf6 1-0

[Event "EWICC 2019"]
[Site "Antalya"]
[Date "2019.04.18"]
[Round "7.46"]
[White "Gokbulut, Julia"]
[Black "Calzetta Ruiz, Monica"]
[Result "0-1"]
[WhiteElo "2021"]
[BlackElo "2283"]
[Annotator "NA"]
[PlyCount "106"]
[EventDate "2019.04.11"]
[EventType "swiss"]
[EventCountry "TUR"]
[SourceTitle "playchess.com"]
[Source "ChessBase"]
[SourceQuality "1"]

1. d4 d5 2. c4 e6 3. Nf3 c5 4. cxd5 exd5 5. g3 Nc6 6. Bg2 Nf6 7. O-O Be7 8. dxc5 Bxc5 9. Qc2 Bb6 10. Bg5 O-O 11. e3 h6 12. Bxf6 Qxf6 13. Nc3 Rd8 14. Na4 Bg4 15. Nxb6 axb6 16. Nd2 d4 17. Ne4 Qg6 18. Qb3 Bf5 19. f3 Na5 20. Qd3 dxe3 21. Qxe3 Nc4 22. Qc3 b5 23. b3 Qb6+ 24. Kh1 Ne3 25. Rfe1 Nxg2 26. Kxg2 Rac8 27. Qb2 Rd3 28. Re2 Rcd8 29. Rae1 Bxe4 30. fxe4 Qc6 31. Qe5 Rd2 32. Kh3 Qc2 33. Qxb5 Qxa2 34. Qc4 Qa5 35. Kg2 Qh5 36. Kg1 Kh7 37. e5 R8d4 38. Qb5 Qf3 39. Rxd2 Rxd2 40. Qf1 Qh5 41. h3 Qg6 42. Qf3 Kg8 43. g4 Rd3 44. Qxb7 Rxh3 45. Re4 Kh7 46. Rf4 Qb1+ 47. Rf1 Qd3 48. Rxf7 Qd1+ 49. Kf2 Rh2+ 50. Ke3 Re2+ 51. Kf4 Qf1+ 52. Kg3 Qg1+ 53. Kf4 Qe3+ 0-1

[Event "EWICC 2019"]
[Site "Antalya"]
[Date "2019.04.18"]
[Round "7.47"]
[White "Ferkova, Dominika"]
[Black "Styazhkina, Anna"]
[Result "0-1"]
[WhiteElo "1993"]
[BlackElo "2274"]
[Annotator "NA"]
[PlyCount "63"]
[EventDate "2019.04.11"]
[EventType "swiss"]
[EventCountry "TUR"]
[SourceTitle "playchess.com"]
[Source "ChessBase"]
[SourceQuality "1"]

1. d4 d5 2. c4 c6 3. Nc3 Nf6 4. Nf3 dxc4 5. a4 Bf5 6. e3 e6 7. Bxc4 Bb4 8. O-O O-O 9. Qe2 Nbd7 10. e4 Bg6 11. Bd3 c5 12. e5 cxd4 13. exf6 dxc3 14. fxg7 Kxg7 15. Rd1 Qc7 16. Bxg6 hxg6 17. Rd4 Be7 18. Rc4 Qa5 19. Rxc3 Rfd8 20. Bf4 Qf5 21. Bc7 Rdc8 22. Rd1 Nf6 23. Be5 Kg8 24. Nd4 Qg4 25. Qc2 Rxc3 26. bxc3 Rc8 27. Re1 Nd7 28. Bg3 Qxd4 29. Rd1 Qxc3 30. Qe4 Qc2 31. Qd4 Nb6 32. Rf1 0-1

[Event "EWICC 2019"]
[Site "Antalya"]
[Date "2019.04.18"]
[Round "7.48"]
[White "Mikadze, Miranda"]
[Black "Narva, Triin"]
[Result "1/2-1/2"]
[WhiteElo "2266"]
[BlackElo "2129"]
[Annotator "NA"]
[PlyCount "54"]
[EventDate "2019.04.11"]
[EventType "swiss"]
[EventCountry "TUR"]
[SourceTitle "playchess.com"]
[Source "ChessBase"]
[SourceQuality "1"]

1. e4 c5 2. c3 d5 3. exd5 Qxd5 4. d4 Nf6 5. Nf3 e6 6. Na3 Nc6 7. Nb5 Qd8 8. dxc5 Bxc5 9. Qxd8+ Kxd8 10. Bf4 Ne4 11. Rd1+ Ke7 12. Be3 Bxe3 13. fxe3 a6 14. Nbd4 Bd7 15. Bd3 Nf6 16. Ke2 Ng4 17. Rd2 Rac8 18. Rhd1 Rhd8 19. Nb3 Nce5 20. h3 Nxd3 21. Rxd3 Nf6 22. Ke1 Bc6 23. Rxd8 Rxd8 24. Nbd4 Bd5 25. a4 Ne4 26. a5 Rc8 27. Ra1 e5 1/2-1/2

[Event "EWICC 2019"]
[Site "Antalya"]
[Date "2019.04.18"]
[Round "7.49"]
[White "Chernyak, Viktoria"]
[Black "Pipia, Ekaterine"]
[Result "1/2-1/2"]
[WhiteElo "2252"]
[BlackElo "1936"]
[Annotator "NA"]
[PlyCount "61"]
[EventDate "2019.04.11"]
[EventType "swiss"]
[EventCountry "TUR"]
[SourceTitle "playchess.com"]
[Source "ChessBase"]
[SourceQuality "1"]

1. c4 c5 2. Nf3 g6 3. Nc3 Nc6 4. e3 Bg7 5. d4 d6 6. Be2 h5 7. O-O Nh6 8. a3 O-O 9. Bd2 Nf5 10. d5 Ne5 11. b4 b6 12. Rb1 Ba6 13. Qb3 Rc8 14. Nxe5 Bxe5 15. Qa4 Bxc4 16. Bxc4 cxb4 17. Rxb4 Bxc3 18. Bxc3 Qc7 19. Qa6 b5 20. Qxb5 a5 21. Ra4 Rb8 22. Qxa5 Qd7 23. Ba1 Rfc8 24. Qc3 f6 25. Rb4 Nh4 26. Rxb8 Qg4 27. Rxc8+ Kf7 28. g3 Nf3+ 29. Kg2 Nh4+ 30. Kg1 Nf3+ 31. Kg2 1/2-1/2

[Event "EWICC 2019"]
[Site "Antalya"]
[Date "2019.04.18"]
[Round "7.50"]
[White "Gajcin, Marina"]
[Black "Kocyigit, Buse Naz"]
[Result "1-0"]
[WhiteElo "2247"]
[BlackElo "1932"]
[Annotator "NA"]
[PlyCount "63"]
[EventDate "2019.04.11"]
[EventType "swiss"]
[EventCountry "TUR"]
[SourceTitle "playchess.com"]
[Source "ChessBase"]
[SourceQuality "1"]

1. e4 d5 2. exd5 Qxd5 3. Nc3 Qd6 4. d4 Nf6 5. Nf3 Bg4 6. Be2 e6 7. h3 Bh5 8. O-O c6 9. Bg5 Nbd7 10. Qd2 Qc7 11. Bf4 Bd6 12. Bxd6 Qxd6 13. Rad1 O-O-O 14. Ng5 h6 15. Nge4 Qc7 16. Qe3 Bxe2 17. Nxe2 Nxe4 18. Qxe4 Nf6 19. Qf3 Rd5 20. c4 Rf5 21. Qe3 h5 22. Ng3 Rf4 23. d5 exd5 24. cxd5 Nxd5 25. Qxa7 g5 26. Ne2 Rf6 27. Nd4 Nf4 28. Rfe1 Ne6 29. Nb5 Qb8 30. Nd6+ Kc7 31. Qa5+ b6 32. Qe5 1-0

[Event "EWICC 2019"]
[Site "Antalya"]
[Date "2019.04.18"]
[Round "7.52"]
[White "Heinemann, Josefine"]
[Black "Sade, Defne"]
[Result "1-0"]
[WhiteElo "2257"]
[BlackElo "2013"]
[Annotator "NA"]
[PlyCount "93"]
[EventDate "2019.04.11"]
[EventType "swiss"]
[EventCountry "TUR"]
[SourceTitle "playchess.com"]
[Source "ChessBase"]
[SourceQuality "1"]

1. e4 e5 2. Nf3 Nc6 3. Bb5 a6 4. Ba4 Nf6 5. O-O Be7 6. d3 d6 7. c3 O-O 8. Nbd2 Re8 9. Re1 Bf8 10. Nf1 g6 11. Ng3 Bg7 12. h3 b5 13. Bc2 Bb7 14. Bg5 h6 15. Be3 Kh7 16. a3 Qd7 17. d4 Rad8 18. d5 Ne7 19. b3 c6 20. c4 Rc8 21. Qd2 Neg8 22. Rac1 c5 23. Bd3 Rb8 24. b4 bxc4 25. Bxc4 cxb4 26. axb4 Rec8 27. Qd3 Ra8 28. Ra1 Nxe4 29. Nxe4 f5 30. Nfd2 fxe4 31. Nxe4 Ne7 32. Ra5 Rcb8 33. Rea1 Qc7 34. Bd2 Qb6 35. R1a4 Kh8 36. Be3 Qc7 37. Bxa6 Bxa6 38. Rxa6 Rxa6 39. Rxa6 Rxb4 40. Nxd6 e4 41. Nxe4 Nxd5 42. Rxg6 Nxe3 43. fxe3 Rc4 44. Ng3 h5 45. Rd6 Rc1+ 46. Nf1 Be5 47. Rd8+ 1-0

[Event "EWICC 2019"]
[Site "Antalya"]
[Date "2019.04.18"]
[Round "7.53"]
[White "Hereklioglu, Sude"]
[Black "Motycakova, Monika"]
[Result "0-1"]
[WhiteElo "1948"]
[BlackElo "2174"]
[Annotator "NA"]
[PlyCount "108"]
[EventDate "2019.04.11"]
[EventType "swiss"]
[EventCountry "TUR"]
[SourceTitle "playchess.com"]
[Source "ChessBase"]
[SourceQuality "1"]

1. Nf3 d5 2. g3 c6 3. Bg2 Bg4 4. O-O Nd7 5. d3 Ngf6 6. Nbd2 e5 7. e4 dxe4 8. dxe4 Bc5 9. h3 Bh5 10. g4 Bg6 11. Nh4 Qe7 12. Nf5 Bxf5 13. exf5 O-O-O 14. c4 g6 15. fxg6 hxg6 16. Qe2 Nh7 17. Ne4 Bd4 18. Be3 f5 19. Bxd4 exd4 20. Ng3 Qf6 21. f4 Rde8 22. Qf2 Re3 23. Rae1 fxg4 24. Rxe3 dxe3 25. Qxe3 Qh4 26. Ne4 Nhf6 27. Ng5 gxh3 28. Qxh3 Qxh3 29. Bxh3 Kc7 30. Be6 a5 31. Bf7 Nf8 32. Re1 Rh4 33. c5 Rxf4 34. Ne6+ Nxe6 35. Rxe6 g5 36. Re7+ Kb8 37. b3 Re4 38. Rxe4 Nxe4 39. Kg2 Nxc5 40. Kg3 Kc7 41. Kg4 Ne4 42. Bg6 Nc3 43. a3 Kb6 44. Kxg5 Kc5 45. Kf4 Nb5 46. a4 Nd4 47. Ke5 Nxb3 48. Bc2 Kb4 49. Kd6 Kxa4 50. Kc7 b5 51. Kxc6 Kb4 52. Bb1 a4 53. Kb6 a3 54. Ba2 Nc1 0-1

[Event "EWICC 2019"]
[Site "Antalya"]
[Date "2019.04.18"]
[Round "7.54"]
[White "Petrova, Irina"]
[Black "Anacoglu, Cisel"]
[Result "1-0"]
[WhiteElo "2164"]
[BlackElo "1958"]
[Annotator "NA"]
[PlyCount "63"]
[EventDate "2019.04.11"]
[EventType "swiss"]
[EventCountry "TUR"]
[SourceTitle "playchess.com"]
[Source "ChessBase"]
[SourceQuality "1"]

1. d4 Nf6 2. Nf3 g6 3. c4 Bg7 4. Nc3 O-O 5. e4 d6 6. Be2 e5 7. d5 a5 8. Bg5 h6 9. Bh4 Na6 10. Nd2 Qe8 11. O-O Nh7 12. f3 f5 13. a3 g5 14. Bf2 f4 15. b4 Qh5 16. c5 Rf6 17. Nc4 Rg6 18. cxd6 g4 19. fxg4 Bxg4 20. Bxg4 Rxg4 21. b5 Ng5 22. Kh1 Rf8 23. bxa6 f3 24. g3 Qh3 25. Ne3 Nxe4 26. Nxe4 Rxe4 27. Qc2 Rg4 28. dxc7 Rg5 29. axb7 Rh5 30. Bg1 e4 31. c8=Q Qxg3 32. Qg4 1-0

[Event "EWICC 2019"]
[Site "Antalya"]
[Date "2019.04.18"]
[Round "7.55"]
[White "Tanir, Simay"]
[Black "Represa Perez, Mireya"]
[Result "0-1"]
[WhiteElo "1361"]
[BlackElo "2164"]
[Annotator "NA"]
[PlyCount "98"]
[EventDate "2019.04.11"]
[EventType "swiss"]
[EventCountry "TUR"]
[SourceTitle "playchess.com"]
[Source "ChessBase"]
[SourceQuality "1"]

1. d4 Nf6 2. c4 e6 3. Nc3 Bb4 4. a3 Bxc3+ 5. bxc3 b6 6. f3 Nc6 7. Bg5 h6 8. Bh4 Na5 9. e4 d6 10. Bd3 Ba6 11. Ne2 g5 12. Bf2 Qd7 13. e5 Nh5 14. c5 Bxd3 15. Qxd3 dxe5 16. Qe4 Qd5 17. Qxd5 exd5 18. dxe5 Nc4 19. Rd1 O-O-O 20. g4 Ng7 21. Nd4 Nxe5 22. Bg3 Rhe8 23. Kf2 Kb7 24. h4 f6 25. hxg5 hxg5 26. Rh7 Ne6 27. c6+ Kc8 28. a4 a6 29. Bxe5 fxe5 30. Nf5 d4 31. cxd4 exd4 32. Ne7+ Kb8 33. Nf5 d3 34. Rh2 Nc5 35. Kg3 Nxa4 36. Rhd2 Nc5 37. Kf2 Re6 38. Ng3 Rxc6 39. Ne4 Nxe4+ 40. fxe4 Re6 41. Rxd3 Rxd3 42. Rxd3 Rxe4 43. Kf3 Re5 44. Rd4 a5 45. Ra4 Kb7 46. Ra1 Ka6 47. Rc1 c5 48. Rh1 a4 49. Rh2 b5 0-1

[Event "EWICC 2019"]
[Site "Antalya"]
[Date "2019.04.18"]
[Round "7.56"]
[White "Berke, Ana"]
[Black "Koljevic, Nikolina"]
[Result "1/2-1/2"]
[WhiteElo "2146"]
[BlackElo "1917"]
[Annotator "NA"]
[PlyCount "125"]
[EventDate "2019.04.11"]
[EventType "swiss"]
[EventCountry "TUR"]
[SourceTitle "playchess.com"]
[Source "ChessBase"]
[SourceQuality "1"]

1. d4 d5 2. Bf4 e6 3. c3 Bd6 4. Bg3 Nf6 5. e3 b6 6. Nf3 Bb7 7. Nbd2 O-O 8. Bd3 c5 9. O-O Nc6 10. Qe2 Bxg3 11. hxg3 Qc7 12. dxc5 bxc5 13. e4 h6 14. Rac1 Nd7 15. Bb1 Rae8 16. Rfe1 Qc8 17. Nh4 Ba6 18. Qe3 g5 19. Nhf3 Qd8 20. Nb3 c4 21. Nc5 Nxc5 22. Qxc5 Qb6 23. Qxb6 axb6 24. g4 Bb7 25. Rcd1 dxe4 26. Bxe4 Rd8 27. Nd2 b5 28. a4 Rb8 29. axb5 Na5 30. b6 Rfd8 31. Bc2 Rd6 32. Re5 Nc6 33. Rc5 Rbd8 34. Be4 Rxd2 35. Rxd2 Rxd2 36. Bxc6 Bxc6 37. Rxc6 Rxb2 38. g3 Kg7 39. Kg2 Rb3 40. Rxc4 Rxb6 41. Rc7 Rb2 42. Kf3 Kg6 43. Ke3 f5 44. gxf5+ Kxf5 45. Kd4 Kf6 46. Rc8 Rd2+ 47. Ke3 Rb2 48. Rf8+ Kg7 49. Rf3 h5 50. Kd4 g4 51. Rf4 Re2 52. Re4 Rxf2 53. Rxe6 Rd2+ 54. Ke3 Rg2 55. Kf4 Rf2+ 56. Kg5 Kf7 57. Re4 Rf3 58. c4 Rxg3 59. Kxh5 Kf6 60. Kh4 Kf5 61. Kxg3 Kxe4 62. Kxg4 Kd4 63. Kf3 1/2-1/2